1180 1647 1503 1008 1542 1289 1954 1485 1563 1256 1650 1110 1442 1860 1792 1949 1661 1724 1516 1752 1663 1591 1904 1229 1209 1762 1930 1458 1595 1656 1414 1358 1199 1238 1814 1774 1031 1093 1440 1401 1807 1509 1035 1107 1284 1017 1366 1773 1457 1281 1001 1748 1420 1968 1163 1509 1532 1706 1985 1197 1575 1967 1590 1507 1750 1318 1844 1785 1907 1123 1120 1039 1651 1219 1557 1905 1631 1073 1611 1267 1369 1112 1651 1475 1649 1627 1231 1422 1411 1517 1057 1100 1293 1909 1754 1265 1761 1334 1274 BCNSPRNW ULIB Ver.6.0+V

เปลี่ยนเป็นภาษาไทย

Change to English
 แสดงรายละเอียดบรรณานุกรม
  กลับหน้าหลัก

Brief Record : Get Marc (ISO 2709) : E-mail record : QR code < ปิดหน้าต่าง
LEADER : 00000nam 2200000uu 4500
001    13399113323
003     ULIB
008    110627s2552||||th 000 0 tha d
020    9786115000135
090    นว.^bพ961ว 2552
100 0  แพรณัฐ
245 00 วายุภัคมนตรา/^cแพรณัฐ
250    พิมพ์ครั้งที่ 1
260    กรุงเทพฯ :^bพิมพ์คำ,^c2552
300    516 หน้า
710 1  พิมพ์คำ
945    ^p320^l0^i026418
995    ทศพร
999 ^a ใช้งานได้ทุกระบบ
รายการนี้ยังไม่มีแท็ก
คุณยังไม่ได้ล็อกอิน คุณสามารถมีกิจกรรมร่วมกับเว็บไซต์ได้ แต่ต้องล็อกอินก่อน ::
  ล็อกอิน

รายการสื่อสารสนเทศ

ลำดับที่ ประเภท เลขเรียก/บาร์โค้ด สถานที่ สถานะ
- ไม่พบข้อมูล -

รายการใกล้เคียง
    ผู้แต่ง [แพรณัฐ]

BibComment


ยังไม่เคยถูกคอมเมนท์

คอมเมนท์ทรัพยากรรายการนี้
  คอมเมนท์: วายุภัคมนตรา แพรณัฐ


 Copyright 2026. Bcnsprnw @Library